Financiamiento, equidad y participación del gobierno en la salud de Yucatán /

Se discuten cambios, tendencias y evidencias que se han documentado hasta enero de 2007 en cuanto a indicadores de equidad y gobernanza en los programas de protección financiera institucional en algunos estados de México a partir del año 2003. el análisis se enfoca en los retos y desafíos que los al...

Πλήρης περιγραφή

Αποθηκεύτηκε σε:
Λεπτομέρειες βιβλιογραφικής εγγραφής
Κύριος συγγραφέας: Cicero-Ancona, Miguel
Μορφή: Κείμενο
Ετικέτες: Προσθήκη ετικέτας
Δεν υπάρχουν, Καταχωρήστε ετικέτα πρώτοι!

MARC

LEADER 00000 a a2200000 04500
001 17298
003
040
100 |a Cicero-Ancona, Miguel  
245 |a Financiamiento, equidad y participación del gobierno en la salud de Yucatán /  |c Miguel Cicero-Ancona  
520 |a Se discuten cambios, tendencias y evidencias que se han documentado hasta enero de 2007 en cuanto a indicadores de equidad y gobernanza en los programas de protección financiera institucional en algunos estados de México a partir del año 2003. el análisis se enfoca en los retos y desafíos que los alcances y limitaciones en equidad , protección financiera y gobernanza han tenido y tendrán para el avance de los sistemas estatales de salud desde la perspectiva del Sistema de Protección Social en Salud  
773 |g volumen 49 Edición Espe; páginas 190-193  
999 |c 20614  |d 20614